00517 a2200169 4500010001400000020002300014035001300037037001600050082000800066100002400074245004500098250001200143260004400155270006000199300003000259500005800289 aENG-89995 a8186340742c620.00 aEN-73528 bDBAD / PUB14a0041 aBasandra, Suresh K.1 aComputers today /cby Suresh K. Basandra arev. ed aNew DelhibGalgotia Publicationsc2008 a5, Ansari Road, Darya GanjbNew DelhicDelhie110002 aLxi, 1440p.c28 cm. (Pbk) aIncludes glossary, bibliographical references & index